| 000 | 01029nam a2200277 a 4500 | ||
|---|---|---|---|
| 001 | 000014294 | ||
| 003 | DO-SdBNP | ||
| 005 | 20210709091210.0 | ||
| 008 | 091209s1990 dr a 000 0 spa d | ||
| 040 |
_aDO-SdBNP _bspa _cBNPHU |
||
| 082 |
_a370.97293 _bD542p |
||
| 100 | 1 |
_aDíaz Santana, Miriam _99620 |
|
| 245 | 1 | 0 |
_aPoblación y educación en la República Dominicana / _cMiriam Díaz Santana, Nelson Ramírez, Pablo Tactuk. |
| 260 |
_aSanto Domingo : _bInstituto de Estudios de Población y Desarrollo, _c1990. |
||
| 300 |
_a140 p. : _bil. ; _c29 cm. |
||
| 490 | 1 |
_aEstudios _vno. 7 |
|
| 500 | _aIncluye índice de cuadros y de gráficos | ||
| 500 | _aIncluye notas al pie de las páginas | ||
| 504 | _aIncluye referencias bibliográficas ( p. 99) | ||
| 590 | _aInventariado, 2021 / DG | ||
| 650 | 4 |
_aEducación _zRepública Dominicana _xEstadisticas _932254 |
|
| 651 | 4 |
_aRepública Dominicana _xCondiciones Sociales _xEstadisticas _932255 |
|
| 830 | 0 |
_aEstudios _nno. 7 _932256 |
|
| 910 | _aD/G | ||
| 942 |
_2ddc _cLBS1 |
||
| 999 |
_c13890 _d13890 |
||